00704 2200277 4500001002100000005001700021008004100038020001800079035002400097090001500121100001700136245004800153260002800201300002300229500003000252500001100282650002100293850001600314980001500330985000600345999001500351999001500366999001500381999001500396999001500411YOGYA-0209000005096320090227032602.0 ind  a979-403-864-4 0010-020900000050963 a410bKer L aKERAF, Gorys aLinguistik bandingan tipologiscGorys Keraf aJakartabGramediac1990 axv, 197 hlmc21 cm aBibliografi : hlm.187-189 aIndeks aBahasa Indonesia aYOPDYOG (B) a30-10-2007 a5 a93P0045574 a96P0083651 a95P0061814 a95P0074984 a96P0083652